000 00460nam a2200193 4500
003 LK-CoMWRAF
005 20230825105201.0
008 230825b1985 |||||||| |||| 00| 0 eng d
020 _a0722190328
040 _aLK-CoMWRAF
_dLK-CoMWRAF
_eLK-CoMWRAF
041 _aeng
082 _a823
_bWEI
110 _aWeinraub, Bernard
245 _aHeadlines
260 _aLondon :
_bSphere,
_c1985
300 _a501p
650 _aEnglish Fiction
942 _n0
_cBK
999 _c3262
_d3262